[Event "DSJ Weihnachtsturnier U20 2020"]
[Site "https://play.chessbase.com/en/play?room=DSJWeihnachtU20"]
[Date "2020.12.29"]
[Round "2"]
[White "von Estorff, Jacob"]
[Black "Brockhoff, Moritz"]
[Result "0-1"]
[Termination "normal"]
[Board "7.2"]
[WhiteElo "2125"]
[BlackElo "1985"]
[WhiteTeam "Post SV Uelzen"]
[BlackTeam "SK Blauer Springer Paderborn 1926"]
[PlyCount "88"]
[WhiteFideId "12974501"]
[BlackFideId "16214927"]
[EventRounds "7"]
[EventType "team-swiss"]
[EventDate "2020.12.29"]

1. e4 {[%emt 0:00:06] Paderb1-002 reconnected.} e5 {[%emt 0:01:29]} 2. Nf3 {
[%emt 0:00:04]} Nf6 {[%emt 0:00:04]} 3. Nc3 {[%emt 0:00:04]} Nc6 {[%emt
0:00:02]} 4. d4 {[%emt 0:00:04]} exd4 {[%emt 0:00:02]} 5. Nxd4 {[%emt 0:00:00]}
Bb4 {[%emt 0:00:01]} 6. Nxc6 {[%emt 0:00:06]} bxc6 {[%emt 0:00:01]} 7. Bd3 {
[%emt 0:00:01]} O-O {[%emt 0:00:02]} 8. O-O {[%emt 0:00:01]} Re8 {[%emt
0:00:05]} 9. Re1 {[%emt 0:00:07]} d5 {[%emt 0:00:19]} 10. e5 {[%emt 0:00:12]}
Ng4 { [%emt 0:00:06]} 11. Bf4 {[%emt 0:00:04]} d4 {[%emt 0:00:40]} 12. a3
{[%emt 0:00:18]} dxc3 {[%emt 0:00:10]} 13. axb4 {[%emt 0:00:02]} cxb2 {[%emt
0:00:00]} 14. Rb1 {[%emt 0:00:09]} g6 {[%emt 0:00:10]} 15. h3 {[%emt 0:00:26]}
Qd4 { [%emt 0:00:11]} 16. Qf3 {[%emt 0:00:40]} Nxe5 {[%emt 0:00:21]} 17. Qg3 {
[%emt 0:01:20]} f6 {[%emt 0:01:01]} 18. Qh4 {[%emt 0:00:43]} Bd7 {[%emt
0:01:12]} 19. Re4 {[%emt 0:00:24]} Qc3 {[%emt 0:00:12]} 20. Bxe5 {[%emt
0:00:23]} fxe5 {[%emt 0:00:11]} 21. Qf6 {[%emt 0:00:11]} Re6 {[%emt 0:00:16]}
22. Qg5 { [%emt 0:00:26]} a5 {[%emt 0:00:02]} 23. Bc4 {[%emt 0:00:26]} a4
{[%emt 0:01:02] } 24. Bxe6+ {[%emt 0:00:18]} Bxe6 {[%emt 0:00:03]} 25. Ree1
{[%emt 0:01:29]} a3 {[%emt 0:00:10]} 26. Qe7 {[%emt 0:01:01]} Bf7 {[%emt
0:00:02]} 27. Qc5 { [%emt 0:01:07]} Qxe1+ {[%emt 0:00:52]} 28. Rxe1 {[%emt
0:00:03]} a2 {[%emt 0:00:00]} 29. Qxc6 {[%emt 0:00:34]} a1=Q {[%emt 0:00:02]}
30. Qc3 {[%emt 0:00:04] } Qxe1+ {[%emt 0:00:03]} 31. Qxe1 {[%emt 0:00:01]} Ra1
{[%emt 0:00:00]} 32. Kf1 {[%emt 0:00:02]} Rxe1+ {[%emt 0:00:02]} 33. Kxe1
{[%emt 0:00:00]} b1=Q+ { [%emt 0:00:01]} 34. Kd2 {[%emt 0:00:00]} Qxb4+ {[%emt
0:00:01]} 35. Kd3 { [%emt 0:00:02]} Qd4+ {[%emt 0:00:02]} 36. Ke2 {[%emt
0:00:00]} Bc4+ {[%emt 0:00:01]} 37. Ke1 {[%emt 0:00:01]} e4 {[%emt 0:00:03]}
38. g3 {[%emt 0:00:01]} g5 {[%emt 0:00:03]} 39. h4 {[%emt 0:00:01]} g4 {[%emt
0:00:01]} 40. h5 {[%emt 0:00:01]} h6 {[%emt 0:00:00]} 41. c3 {[%emt 0:00:07]}
Qxc3+ {[%emt 0:00:01]} 42. Kd1 {[%emt 0:00:01]} Bb3+ {[%emt 0:00:01]} 43. Ke2
{[%emt 0:00:01]} Qd3+ { [%emt 0:00:00]} 44. Ke1 {[%emt 0:00:00]} Qd1# {[%emt
0:00:00]} 0-1

[Event "DSJ Weihnachtsturnier U20 2020"]
[Site "https://play.chessbase.com/en/play?room=DSJWeihnachtU20"]
[Date "2020.12.29"]
[Round "2"]
[White "Askerov, Imamali"]
[Black "Stirnberg, Noah"]
[Result "1/2-1/2"]
[Termination "normal"]
[Board "7.4"]
[WhiteElo "1937"]
[BlackElo "1869"]
[WhiteTeam "Post SV Uelzen"]
[BlackTeam "SK Blauer Springer Paderborn 1926"]
[PlyCount "164"]
[WhiteFideId "12974498"]
[BlackFideId "16207742"]
[EventRounds "7"]
[EventType "team-swiss"]
[EventDate "2020.12.29"]

1. e4 {[%emt 0:00:15]} e5 {[%emt 0:00:04]} 2. Nf3 {[%emt 0:00:02]} Nc6 { [%emt
0:00:02]} 3. d4 {[%emt 0:00:12]} exd4 {[%emt 0:00:15]} 4. Nxd4 {[%emt 0:00:00]}
Be7 {[%emt 0:00:05]} 5. Be3 {[%emt 0:00:08]} Nf6 {[%emt 0:00:03]} 6. Nc3 {[%emt
0:00:04]} d6 {[%emt 0:00:06]} 7. Be2 {[%emt 0:00:19]} O-O {[%emt 0:00:05]} 8.
O-O {[%emt 0:00:03]} Bd7 {[%emt 0:00:17]} 9. f4 {[%emt 0:00:14]} Nxd4 {[%emt
0:00:15]} 10. Bxd4 {[%emt 0:00:00]} Bc6 {[%emt 0:00:23]} 11. Bf3 { [%emt
0:00:03]} Nd7 {[%emt 0:00:16]} 12. Nd5 {[%emt 0:01:01]} Bxd5 {[%emt 0:00:07]}
13. exd5 {[%emt 0:00:00]} Bf6 {[%emt 0:00:03]} 14. Re1 {[%emt 0:00:06]} Re8
{[%emt 0:00:05]} 15. Qd2 {[%emt 0:00:18]} Bxd4+ {[%emt 0:00:29]} 16. Qxd4 {
[%emt 0:00:00]} Qf6 {[%emt 0:00:10]} 17. Qxf6 {[%emt 0:00:11]} Nxf6 {[%emt
0:00:06]} 18. Kf2 {[%emt 0:00:04]} Kf8 {[%emt 0:00:13]} 19. c4 {[%emt 0:00:08]}
Rac8 {[%emt 0:00:29]} 20. Rad1 {[%emt 0:00:25]} Rxe1 {[%emt 0:00:31]} 21. Rxe1
{[%emt 0:00:01]} c6 {[%emt 0:00:10]} 22. dxc6 {[%emt 0:00:03]} bxc6 {[%emt
0:00:02]} 23. g4 {[%emt 0:00:06]} Nd7 {[%emt 0:00:29]} 24. g5 {[%emt 0:00:56]}
Nc5 {[%emt 0:00:25]} 25. Re3 {[%emt 0:00:21]} Ne6 {[%emt 0:00:11]} 26. Kg3 {
[%emt 0:00:49]} Nd4 {[%emt 0:00:34]} 27. Bg4 {[%emt 0:00:24]} Re8 {[%emt
0:00:19]} 28. Rxe8+ {[%emt 0:00:08]} Kxe8 {[%emt 0:00:03]} 29. Kf2 {[%emt
0:00:05]} c5 {[%emt 0:00:23]} 30. Ke3 {[%emt 0:00:10]} f5 {[%emt 0:00:12]} 31.
gxf6 { [%emt 0:00:05]} gxf6 {[%emt 0:00:02]} 32. Ke4 {[%emt 0:00:07]} Ke7
{[%emt 0:00:12] Paderb1-004 offers a draw} 33. Kd5 {[%emt 0:01:03]} f5 {[%emt
0:00:09]} 34. Bd1 {[%emt 0:00:07]} Ne6 {[%emt 0:00:12]} 35. Bc2 {[%emt
0:00:06]} Nxf4+ { [%emt 0:00:02]} 36. Kc6 {[%emt 0:00:01]} Ne6 {[%emt 0:00:16]}
37. Kd5 {[%emt 0:00:14]} Nd4 {[%emt 0:00:07]} 38. Bd3 {[%emt 0:00:12]} h6
{[%emt 0:00:23]} 39. b4 {[%emt 0:00:05]} Ne6 {[%emt 0:01:00]} 40. Bxf5 {[%emt
0:00:47]} Ng7 { [%emt 0:00:08]} 41. Bg4 {[%emt 0:00:22]} cxb4 {[%emt 0:00:04]}
42. Kc6 { [%emt 0:00:12]} Ne8 {[%emt 0:01:24]} 43. Kb5 {[%emt 0:00:09]} Nf6
{[%emt 0:00:04]} 44. Bf3 {[%emt 0:00:02]} Kd7 {[%emt 0:00:09]} 45. Kxb4 {[%emt
0:00:03]} Kc7 {[%emt 0:00:02]} 46. Kc3 {[%emt 0:00:13]} Nd7 {[%emt 0:00:05]}
47. Kd4 { [%emt 0:00:05]} Ne5 {[%emt 0:00:01]} 48. Bd5 {[%emt 0:00:04]} Ng4
{[%emt 0:00:01]} 49. h3 {[%emt 0:00:05]} Nf2 {[%emt 0:00:02]} 50. Be6 {[%emt
0:00:04]} Nd1 {[%emt 0:00:05]} 51. a3 {[%emt 0:00:16]} Nb2 {[%emt 0:00:02]} 52.
Ke4 {[%emt 0:00:07]} Kc6 {[%emt 0:00:04]} 53. Kd4 {[%emt 0:00:07]} Na4 {[%emt
0:00:06]} 54. Bd5+ {[%emt 0:00:02]} Kd7 {[%emt 0:00:04]} 55. Ke4 {[%emt
0:00:03]} Nc5+ { [%emt 0:00:02]} 56. Kf5 {[%emt 0:00:02]} Ke7 {[%emt 0:00:05]}
57. Kg6 {[%emt 0:00:02]} Nd3 {[%emt 0:00:02]} 58. Kxh6 {[%emt 0:00:03]} Nf4
{[%emt 0:00:01]} 59. Kg5 {[%emt 0:00:01]} Nxh3+ {[%emt 0:00:02]} 60. Kf5 {[%emt
0:00:17]} Nf2 { [%emt 0:00:01]} 61. Kf4 {[%emt 0:00:01]} Nd3+ {[%emt 0:00:01]}
62. Ke3 { [%emt 0:00:05]} Nb2 {[%emt 0:00:01]} 63. Kd4 {[%emt 0:00:02]} Na4
{[%emt 0:00:01]} 64. Ba8 {[%emt 0:00:05]} Nb6 {[%emt 0:00:01]} 65. Bc6 {[%emt
0:00:02]} a5 {[%emt 0:00:02]} 66. c5 {[%emt 0:00:08]} dxc5+ {[%emt 0:00:02]}
67. Kxc5 { [%emt 0:00:00]} Nd7+ {[%emt 0:00:02]} 68. Kb5 {[%emt 0:00:02]} Ne5
{[%emt 0:00:02]} 69. Be4 {[%emt 0:00:02]} Kd8 {[%emt 0:00:02]} 70. Kxa5 {[%emt
0:00:01]} Kc7 {[%emt 0:00:01]} 71. Kb5 {[%emt 0:00:01]} Kb8 {[%emt 0:00:02]}
72. a4 { [%emt 0:00:00]} Nd7 {[%emt 0:00:01]} 73. a5 {[%emt 0:00:01]} Ka7
{[%emt 0:00:01]} 74. Kc6 {[%emt 0:00:03]} Nf6 {[%emt 0:00:01]} 75. Bd3 {[%emt
0:00:02]} Nh5 {[%emt 0:00:01]} 76. Kb5 {[%emt 0:00:03]} Nf4 {[%emt 0:00:01]}
77. Bc4 { [%emt 0:00:01]} Nh5 {[%emt 0:00:02]} 78. a6 {[%emt 0:00:03]} Nf6
{[%emt 0:00:01]} 79. Kc6 {[%emt 0:00:01]} Ne4 {[%emt 0:00:02]} 80. Bd5 {[%emt
0:00:01]} Nc3 {[%emt 0:00:01]} 81. Kc5 {[%emt 0:00:02]} Kxa6 {[%emt 0:00:01]}
82. Kd6 { [%emt 0:00:03]} Nxd5 {[%emt 0:00:02]} 1/2-1/2

[Event "DSJ Weihnachtsturnier U20 2020"]
[Site "https://play.chessbase.com/en/play?room=DSJWeihnachtU20"]
[Date "2020.12.29"]
[Round "2"]
[White "Joeres, Stefan"]
[Black "Boder, Jan"]
[Result "1-0"]
[Termination "normal"]
[Board "8.1"]
[WhiteElo "2176"]
[BlackElo "2146"]
[WhiteTeam "Karlsruher SF 1853"]
[BlackTeam "SC ML Kastellaun"]
[PlyCount "51"]
[WhiteFideId "12983160"]
[BlackFideId "16243226"]
[EventRounds "7"]
[EventType "team-swiss"]
[EventDate "2020.12.29"]

1. e4 {[%emt 0:00:02]} c5 {[%emt 0:00:02]} 2. Nf3 {[%emt 0:00:02]} g6 {[%emt
0:00:06]} 3. d4 {[%emt 0:00:01]} cxd4 {[%emt 0:00:00]} 4. Nxd4 {[%emt 0:00:00]}
Nc6 {[%emt 0:00:01]} 5. Nc3 {[%emt 0:00:01]} Bg7 {[%emt 0:00:01]} 6. Nxc6 {
[%emt 0:00:01]} bxc6 {[%emt 0:00:01]} 7. Bc4 {[%emt 0:00:01]} d6 {[%emt
0:00:39]} 8. O-O {[%emt 0:00:28]} Nf6 {[%emt 0:00:02]} 9. e5 {[%emt 0:00:02]}
dxe5 { [%emt 0:00:25]} 10. Qxd8+ {[%emt 0:00:00]} Kxd8 {[%emt 0:00:00]} 11. Re1
{ [%emt 0:00:02]} e6 {[%emt 0:00:24]} 12. Rxe5 {[%emt 0:00:03]} Nd5 {[%emt
0:00:02]} 13. Re2 {[%emt 0:00:01]} Nxc3 {[%emt 0:00:03]} 14. bxc3 {[%emt
0:00:01]} Bxc3 {[%emt 0:00:03]} 15. Rb1 {[%emt 0:00:00]} Re8 {[%emt 0:03:49]}
16. Re3 { [%emt 0:00:50]} Bg7 {[%emt 0:00:33]} 17. Rd3+ {[%emt 0:00:03]} Kc7
{[%emt 0:01:01] Kastell1-001 bietet Remis} 18. Bd2 {[%emt 0:02:04]} a5 {[%emt
0:00:27]} 19. Bf4+ {[%emt 0:00:24]} e5 {[%emt 0:00:03]} 20. Be3 {[%emt
0:00:00]} Be6 { [%emt 0:00:32]} 21. Bb6+ {[%emt 0:00:07]} Kc8 {[%emt 0:00:01]}
22. Bxe6+ { [%emt 0:00:01]} fxe6 {[%emt 0:00:01]} 23. Rd6 {[%emt 0:00:18]} Re7
{[%emt 0:01:14]} 24. Rd8+ {[%emt 0:00:08]} Kb7 {[%emt 0:00:03]} 25. Bc5+ {[%emt
0:00:01]} Kc7 {[%emt 0:00:10]} 26. Rxa8 {[%emt 0:00:03] Kastell1-001 gibt auf}
1-0

[Event "DSJ Weihnachtsturnier U20 2020"]
[Site "https://play.chessbase.com/en/play?room=DSJWeihnachtU20"]
[Date "2020.12.29"]
[Round "2"]
[White "Ohler, Julius"]
[Black "Koll, Lukas"]
[Result "0-1"]
[Termination "normal"]
[Board "8.2"]
[WhiteElo "2010"]
[BlackElo "2049"]
[WhiteTeam "SC ML Kastellaun"]
[BlackTeam "Karlsruher SF 1853"]
[PlyCount "54"]
[WhiteFideId "16238982"]
[BlackFideId "12969737"]
[EventRounds "7"]
[EventType "team-swiss"]
[EventDate "2020.12.29"]

1. d4 {[%emt 0:00:09]} d5 {[%emt 0:00:03]} 2. Nf3 {[%emt 0:00:04]} Nf6 { [%emt
0:00:02]} 3. Bf4 {[%emt 0:00:02]} c5 {[%emt 0:00:03]} 4. e3 {[%emt 0:00:01]}
Nc6 {[%emt 0:00:01]} 5. c3 {[%emt 0:00:01]} Qb6 {[%emt 0:00:08]} 6. Qb3 { [%emt
0:00:02]} c4 {[%emt 0:00:06]} 7. Qc2 {[%emt 0:00:05]} Bf5 {[%emt 0:00:13] } 8.
Qc1 {[%emt 0:00:01]} e6 {[%emt 0:00:01]} 9. Nbd2 {[%emt 0:00:02]} Be7 { [%emt
0:00:07]} 10. h3 {[%emt 0:00:02]} h6 {[%emt 0:00:01]} 11. Be2 {[%emt 0:00:02]}
O-O {[%emt 0:00:02]} 12. O-O {[%emt 0:00:01]} a5 {[%emt 0:00:26]} 13. b3 {[%emt
0:00:03]} cxb3 {[%emt 0:00:08]} 14. axb3 {[%emt 0:00:04]} Rfc8 { [%emt
0:00:09]} 15. c4 {[%emt 0:00:03]} Nb4 {[%emt 0:00:11]} 16. c5 {[%emt 0:00:03]}
Qd8 {[%emt 0:00:02]} 17. Ne5 {[%emt 0:00:03]} b6 {[%emt 0:00:03]} 18. c6 {[%emt
0:00:07]} Bd6 {[%emt 0:00:09]} 19. Bb5 {[%emt 0:00:02]} Ne8 {[%emt 0:00:38]}
20. Ndf3 {[%emt 0:00:32]} Nc7 {[%emt 0:00:05]} 21. Be2 {[%emt 0:00:09]} f6
{[%emt 0:00:07]} 22. Nd7 {[%emt 0:00:25]} Bxf4 {[%emt 0:00:05]} 23. exf4 {
[%emt 0:00:06]} Ne8 {[%emt 0:00:03]} 24. Nfe5 {[%emt 0:03:47]} fxe5 {[%emt
0:00:08]} 25. Nxe5 {[%emt 0:00:01]} Qd6 {[%emt 0:00:15]} 26. Bb5 {[%emt
0:00:41]} Nc2 {[%emt 0:00:16]} 27. Ra2 {[%emt 0:00:03]} Nxd4 {[%emt 0:00:02]}
0-1

[Event "DSJ Weihnachtsturnier U20 2020"]
[Site "https://play.chessbase.com/en/play?room=DSJWeihnachtU20"]
[Date "2020.12.29"]
[Round "2"]
[White "Koll, Linus"]
[Black "Michels, Fabio"]
[Result "1-0"]
[Termination "normal"]
[Board "8.3"]
[WhiteElo "1963"]
[BlackElo "1865"]
[WhiteTeam "Karlsruher SF 1853"]
[BlackTeam "SC ML Kastellaun"]
[PlyCount "79"]
[WhiteFideId "12990299"]
[BlackFideId "16223780"]
[EventRounds "7"]
[EventType "team-swiss"]
[EventDate "2020.12.29"]

1. e4 {[%emt 0:00:03]} c5 {[%emt 0:00:10]} 2. Nf3 {[%emt 0:00:02]} Nc6 { [%emt
0:00:19]} 3. d4 {[%emt 0:00:02]} cxd4 {[%emt 0:00:05]} 4. Nxd4 {[%emt 0:00:01]}
g6 {[%emt 0:00:02]} 5. Nxc6 {[%emt 0:00:01]} bxc6 {[%emt 0:00:04]} 6. Qd4
{[%emt 0:00:01]} Nf6 {[%emt 0:00:14]} 7. e5 {[%emt 0:00:02]} Qa5+ {[%emt
0:00:16]} 8. c3 {[%emt 0:01:00]} Nd5 {[%emt 0:01:06]} 9. e6 {[%emt 0:00:52]}
Nf6 {[%emt 0:00:07]} 10. exf7+ {[%emt 0:00:04]} Kxf7 {[%emt 0:00:04]} 11. Bc4+
{ [%emt 0:00:12]} d5 {[%emt 0:00:23]} 12. Bb3 {[%emt 0:00:23]} Bg7 {[%emt
0:00:15]} 13. O-O {[%emt 0:00:22]} Re8 {[%emt 0:00:52]} 14. Qh4 {[%emt
0:00:09]} Kg8 {[%emt 0:00:11]} 15. c4 {[%emt 0:00:03]} Be6 {[%emt 0:01:48]} 16.
Bd2 {[%emt 0:00:13]} Qd8 {[%emt 0:00:35]} 17. Nc3 {[%emt 0:00:11]} Bf7 {[%emt
0:00:13]} 18. Bg5 {[%emt 0:00:17]} d4 {[%emt 0:00:46]} 19. Ne2 {[%emt 0:00:19]}
c5 {[%emt 0:00:03]} 20. Nf4 {[%emt 0:00:05]} Qd6 {[%emt 0:00:40]} 21. Nd3
{[%emt 0:00:42]} e5 {[%emt 0:00:08]} 22. f3 {[%emt 0:00:21]} e4 {[%emt
0:00:25]} 23. fxe4 { [%emt 0:00:03]} Nxe4 {[%emt 0:00:04]} 24. Rae1 {[%emt
0:01:22]} Nxg5 {[%emt 0:00:24]} 25. Qxg5 {[%emt 0:00:07]} a5 {[%emt 0:00:27]}
26. Qxc5 {[%emt 0:00:38]} Qxc5 {[%emt 0:00:16]} 27. Nxc5 {[%emt 0:00:03]} Rac8
{[%emt 0:00:14]} 28. Nb7 { [%emt 0:00:27]} Rxe1 {[%emt 0:00:23]} 29. Rxe1
{[%emt 0:00:04]} d3 {[%emt 0:00:12]} 30. Nd6 {[%emt 0:00:08]} Rd8 {[%emt
0:00:07]} 31. Nxf7 {[%emt 0:00:05]} Kxf7 {[%emt 0:00:01]} 32. c5+ {[%emt
0:00:01]} Kf8 {[%emt 0:00:02]} 33. c6 { [%emt 0:00:05]} d2 {[%emt 0:00:04]} 34.
Rf1+ {[%emt 0:00:02]} Ke7 {[%emt 0:00:02]} 35. c7 {[%emt 0:00:05]} Rc8 {[%emt
0:00:02]} 36. Rf7+ {[%emt 0:00:01]} Kd6 {[%emt 0:00:02]} 37. Rxg7 {[%emt
0:00:02]} Re8 {[%emt 0:00:03]} 38. Kf2 { [%emt 0:00:20]} Rc8 {[%emt 0:00:05]}
39. Ke2 {[%emt 0:00:05]} Rxc7 {[%emt 0:00:01]} 40. Rxc7 {[%emt 0:00:01]
Kastell1-003 gibt auf} 1-0

[Event "DSJ Weihnachtsturnier U20 2020"]
[Site "https://play.chessbase.com/en/play?room=DSJWeihnachtU20"]
[Date "2020.12.29"]
[Round "2"]
[White "Hoffmann, Tom"]
[Black "Wang, Xinyuan"]
[Result "0-1"]
[Termination "normal"]
[Board "8.4"]
[WhiteElo "1296"]
[BlackElo "1759"]
[WhiteTeam "SC ML Kastellaun"]
[BlackTeam "Karlsruher SF 1853"]
[PlyCount "58"]
[WhiteFideId "16288726"]
[BlackFideId "16221494"]
[EventRounds "7"]
[EventType "team-swiss"]
[EventDate "2020.12.29"]

1. Nf3 {[%emt 0:00:08]} Nf6 {[%emt 0:00:02]} 2. g3 {[%emt 0:00:03]} d5 { [%emt
0:00:03]} 3. d4 {[%emt 0:00:02]} c5 {[%emt 0:00:01]} 4. c4 {[%emt 0:00:32]} e6
{[%emt 0:00:08]} 5. cxd5 {[%emt 0:00:17]} Nxd5 {[%emt 0:00:06]} 6. e4 { [%emt
0:00:18]} Nf6 {[%emt 0:00:06]} 7. Nc3 {[%emt 0:00:18]} cxd4 {[%emt 0:00:07]} 8.
Qxd4 {[%emt 0:00:19]} Qxd4 {[%emt 0:00:06]} 9. Nxd4 {[%emt 0:00:03]} Bb4 {[%emt
0:00:01]} 10. Ndb5 {[%emt 0:00:18]} Na6 {[%emt 0:00:04]} 11. Bd2 { [%emt
0:00:06]} O-O {[%emt 0:00:08]} 12. Bg2 {[%emt 0:00:11]} Bd7 {[%emt 0:00:13]}
13. Rd1 {[%emt 0:00:30]} Nc5 {[%emt 0:00:11]} 14. a3 {[%emt 0:00:26]} Bxb5
{[%emt 0:01:35]} 15. Nxb5 {[%emt 0:01:20]} Bxd2+ {[%emt 0:00:16]} 16. Rxd2 {
[%emt 0:00:06]} Ncxe4 {[%emt 0:00:21]} 17. Re2 {[%emt 0:00:25]} Nc5 {[%emt
0:00:22]} 18. O-O {[%emt 0:00:12]} a6 {[%emt 0:00:50]} 19. Nd6 {[%emt 0:00:46]}
Rab8 {[%emt 0:01:05]} 20. Rc1 {[%emt 0:00:25]} Nb3 {[%emt 0:00:14]} 21. Rc7 {
[%emt 0:00:36]} b6 {[%emt 0:00:42]} 22. Re3 {[%emt 0:00:44]} Nd4 {[%emt
0:00:46]} 23. Rd3 {[%emt 0:00:15]} Nf5 {[%emt 0:00:17]} 24. Nxf5 {[%emt
0:00:10]} exf5 {[%emt 0:00:00]} 25. Rc6 {[%emt 0:00:17]} Ne4 {[%emt 0:01:10]}
26. Bxe4 { [%emt 0:00:22]} fxe4 {[%emt 0:00:00]} 27. Rdd6 {[%emt 0:00:02]} g6
{[%emt 0:00:16]} 28. Rxb6 {[%emt 0:00:04]} a5 {[%emt 0:00:03]} 29. Rb5 {[%emt
0:00:45]} Rxb5 {[%emt 0:00:06] Kastell1-004 gibt auf} 0-1

[Event "DSJ Weihnachtsturnier U20 2020"]
[Site "https://play.chessbase.com/en/play?room=DSJWeihnachtU20"]
[Date "2020.12.29"]
[Round "2"]
[White "Gelman, Josef"]
[Black "Mohammadi Nia, Borna"]
[Result "1-0"]
[Termination "normal"]
[Board "9.1"]
[WhiteElo "2007"]
[BlackElo "2079"]
[WhiteTeam "SC Weisse Dame"]
[BlackTeam "Schachgemeinschaft Porz 2"]
[PlyCount "43"]
[WhiteFideId "12959642"]
[BlackFideId "16207319"]
[EventRounds "7"]
[EventType "team-swiss"]
[EventDate "2020.12.29"]

1. d4 {[%emt 0:00:11]} Nf6 {[%emt 0:00:02]} 2. Bg5 {[%emt 0:00:18]} e6 { [%emt
0:00:06]} 3. e4 {[%emt 0:00:02]} d5 {[%emt 0:00:02]} 4. e5 {[%emt 0:00:04]} h6
{[%emt 0:00:01]} 5. Bxf6 {[%emt 0:00:03]} gxf6 {[%emt 0:00:02]} 6. Nf3 {[%emt
0:00:01]} c5 {[%emt 0:00:04]} 7. c3 {[%emt 0:00:03]} cxd4 {[%emt 0:00:04]} 8.
cxd4 {[%emt 0:00:00]} Bg7 {[%emt 0:00:03]} 9. Nc3 {[%emt 0:00:02]} Nc6 {[%emt
0:00:08]} 10. Bb5 {[%emt 0:00:06]} Bd7 {[%emt 0:00:07]} 11. exf6 { [%emt
0:00:26]} Bxf6 {[%emt 0:00:06]} 12. O-O {[%emt 0:00:05]} Qc7 {[%emt 0:00:12]}
13. Re1 {[%emt 0:00:08]} O-O-O {[%emt 0:00:05]} 14. Rc1 {[%emt 0:00:06]} Kb8
{[%emt 0:00:04]} 15. Bd3 {[%emt 0:00:30]} Rdg8 {[%emt 0:00:12]} 16. Qd2 { [%emt
0:00:47]} Bg5 {[%emt 0:01:00]} 17. Nxg5 {[%emt 0:00:09]} hxg5 {[%emt 0:00:02]}
18. h3 {[%emt 0:00:12]} g4 {[%emt 0:00:04]} 19. Nb5 {[%emt 0:00:03]} Qd8 {[%emt
0:00:08]} 20. Qf4+ {[%emt 0:00:06]} Ka8 {[%emt 0:00:11]} 21. Nc7+ { [%emt
0:00:14]} Kb8 {[%emt 0:00:02]} 22. Nxe6+ {[%emt 0:00:12]} 1-0

[Event "DSJ Weihnachtsturnier U20 2020"]
[Site "https://play.chessbase.com/en/play?room=DSJWeihnachtU20"]
[Date "2020.12.29"]
[Round "2"]
[White "Ramien, David"]
[Black "Tham, Nam"]
[Result "0-1"]
[Termination "normal"]
[Board "9.2"]
[WhiteElo "2181"]
[BlackElo "1951"]
[WhiteTeam "Schachgemeinschaft Porz 2"]
[BlackTeam "SC Weisse Dame"]
[PlyCount "86"]
[WhiteFideId "12948241"]
[BlackFideId "12997331"]
[EventRounds "7"]
[EventType "team-swiss"]
[EventDate "2020.12.29"]

1. e4 {[%emt 0:00:03]} e5 {[%emt 0:00:03]} 2. Nf3 {[%emt 0:00:02]} Nc6 { [%emt
0:00:02]} 3. Bb5 {[%emt 0:00:02]} a6 {[%emt 0:00:03]} 4. Ba4 {[%emt 0:00:02]}
Nf6 {[%emt 0:00:05]} 5. Qe2 {[%emt 0:00:02]} b5 {[%emt 0:00:08]} 6. Bb3 { [%emt
0:00:02]} Bc5 {[%emt 0:00:02]} 7. a4 {[%emt 0:00:02]} Rb8 {[%emt 0:00:02] } 8.
O-O {[%emt 0:00:09]} O-O {[%emt 0:00:01]} 9. c3 {[%emt 0:00:02]} d6 { [%emt
0:00:05]} 10. d3 {[%emt 0:00:02]} h6 {[%emt 0:00:02]} 11. h3 {[%emt 0:00:03]}
Re8 {[%emt 0:00:03]} 12. Re1 {[%emt 0:00:03]} Bb6 {[%emt 0:00:05]} 13. Nbd2
{[%emt 0:00:06]} Nh5 {[%emt 0:00:12]} 14. Nf1 {[%emt 0:00:05]} Qf6 { [%emt
0:00:05]} 15. N3h2 {[%emt 0:02:06]} b4 {[%emt 0:01:08]} 16. Be3 {[%emt
0:01:41]} Nf4 {[%emt 0:00:12]} 17. Bxf4 {[%emt 0:00:23]} Qxf4 {[%emt 0:00:22]}
18. Ne3 {[%emt 0:00:06]} bxc3 {[%emt 0:00:18]} 19. bxc3 {[%emt 0:00:03]} Be6 {
[%emt 0:00:56]} 20. Bc2 {[%emt 0:00:51]} Ba5 {[%emt 0:00:28]} 21. Nd5 {[%emt
0:00:46]} Bxd5 {[%emt 0:00:17]} 22. exd5 {[%emt 0:00:02]} Ne7 {[%emt 0:00:19]}
23. d4 {[%emt 0:00:24]} Nxd5 {[%emt 0:00:59]} 24. dxe5 {[%emt 0:00:42]} dxe5 {
[%emt 0:00:12]} 25. Qd3 {[%emt 0:00:12]} Nf6 {[%emt 0:00:16]} 26. Ng4 {[%emt
0:00:32]} e4 {[%emt 0:00:58]} 27. Nxf6+ {[%emt 0:00:07]} Qxf6 {[%emt 0:00:02]}
28. Rxe4 {[%emt 0:00:02]} Rxe4 {[%emt 0:00:14]} 29. Qxe4 {[%emt 0:00:02]} g6 {
[%emt 0:00:01]} 30. Rd1 {[%emt 0:00:05]} Bxc3 {[%emt 0:00:17]} 31. Rd7 { [%emt
0:00:07]} Be5 {[%emt 0:00:24]} 32. g3 {[%emt 0:00:11]} Bd6 {[%emt 0:00:52]} 33.
Bd3 {[%emt 0:00:03]} Kg7 {[%emt 0:01:20]} 34. Bc4 {[%emt 0:00:02]} Rf8 {[%emt
0:00:02]} 35. Bxa6 {[%emt 0:00:04]} Bc5 {[%emt 0:00:09]} 36. Qe2 { [%emt
0:00:02]} Re8 {[%emt 0:00:12]} 37. Qc2 {[%emt 0:00:11]} Re1+ {[%emt 0:00:15]}
38. Kh2 {[%emt 0:00:01]} Bxf2 {[%emt 0:00:01]} 39. Bc4 {[%emt 0:00:05]} Bxg3+
{[%emt 0:00:01]} 40. Kxg3 {[%emt 0:00:04]} Qg5+ {[%emt 0:00:00]} 41. Kf2 {[%emt
0:00:04]} Qe3+ {[%emt 0:00:02]} 42. Kg2 {[%emt 0:00:03]} Rg1+ {[%emt 0:00:01]}
43. Kh2 {[%emt 0:00:02]} Qg3# {[%emt 0:00:00]} 0-1